00519 2200205 4500001002100000005001700021008004100038035002400079082001400103090002100117100001600138245004300154250001200197260003200209300002700241650001100268852001200279990001000291990001200301YOGYA-0612000000040520120605211147.0 ind  0010-061200000000403 a791.50992 a791.50992bSri A aSRI MULYONO aApa dan siapa semarcoleh Sri Mulyono. aCet. 2. aJakartabGunung Agungc1978 a136 hlm.bilusc21 cm. aWayang aYOPDYOG a565-P a14917-P